Laws and acts past in the third session of the second Parliament of our most High and Dread Soveraign Charles the Second : by the grace of God King of Scotland, England, France and Ireland, defender of the faith : holden at Edinburgh, from the 12 of June to the 11 of September, 1672 : by His Grace, John Duke of Lauderdale, Marquess of Marche, Earle of Lauderdail, Viscount Maitland, Lord Thirlestane, Musselburgh and Bolton, &c., His Majesties commissioner, &c.

Bibliographic Details
Corporate Author: Scotland
Format: Microform Book
Language:English
Series:Early English books, 1641-1700 ; 1100:8.
Subjects:

MARC

Tag First Indicator Second Indicator Subfields
LEADER 00000cam a2200000 a 4500
001 in00000950643
005 20150926131428.0
007 hd afv|||baca
007 hd bfv|||baaa
008 871210s1672 miu al 00000 eng d
035 |a (OCoLC)17214988 
035 |9 AET7299AM 
037 |a CL0037000036  |b University Microfilms International 
037 |b University Microfilms International, 300 N. Zeeb Rd., Ann Arbor, MI 48106 
040 |a EAH  |c EAH  |d UtOrBLW 
043 |a e-uk-st 
049 |a TXAI 
090 |a KDC70  |b .1672 
099 |a film   |a  B   |a  3609 
110 1 |a Scotland. 
240 1 0 |a Laws, etc. 
245 1 0 |a Laws and acts past in the third session of the second Parliament of our most High and Dread Soveraign Charles the Second :  |b by the grace of God King of Scotland, England, France and Ireland, defender of the faith : holden at Edinburgh, from the 12 of June to the 11 of September, 1672 : by His Grace, John Duke of Lauderdale, Marquess of Marche, Earle of Lauderdail, Viscount Maitland, Lord Thirlestane, Musselburgh and Bolton, &c., His Majesties commissioner, &c. 
264 3 |a Edinburgh :  |b Printed by Andrew Anderson ...,  |c 1672. 
300 |a 66 pages, 5 unnumbered pages 
336 |a text  |b txt  |2 rdacontent 
337 |a microform  |b h  |2 rdamedia 
338 |a microfilm reel  |b hd  |2 rdacarrier 
500 |a "Cum privilegio." 
500 |a "The list of the acts and ratifications past in the third session of His Majesties second Parliament, holden in the year, 1672. and which are not printed": pages [3]-[5] at end. 
500 |a Reproduction of original in the Cambridge University Library. 
510 4 |a Wing  |c S1275 
510 4 |a Aldis  |c 1935 
533 |a Microfilm.  |b Ann Arbor, Mich. :  |c University Microfilms International,  |d 1980.  |e 1 microfilm reel ; 35 mm.  |f (Early English books, 1641-1700 ; 1100:8) 
500 |a Microform. 
650 0 |a Statutes  |z Scotland. 
650 0 |a Law  |z Scotland. 
830 0 |a Early English books, 1641-1700 ;  |v 1100:8. 
999 |a MARS 
999 f f |s f3ad7213-d7f0-3e9c-98b6-34f4936cf245  |i 1c7eb6f8-744e-388f-b2d3-16babd0cd647  |t 0 
952 f f |p default  |a Texas A&M University  |b College Station  |c Sterling C. Evans Library  |d Evans: Microforms (3rd floor)  |t 0  |e film B 3609 1100:8  |h Other scheme  |i microform -- microfilm reel 
998 f f |a film B 3609 1100:8  |t 0  |l Evans: Microforms (3rd floor)